Los héroes de la civilización (Record no. 163095)

MARC details
000 -LEADER
campo de control de longitud fija 01015nam a22002535i 4500
001 - NÚMERO DE CONTROL
campo de control 163095
003 - IDENTIFICADOR DE NÚMERO DE CONTROL
campo de control ES-MaACL
005 - FECHA Y HORA DE LA ÚLTIMA TRANSACCIÓN
campo de control 20250813015458.0
008 - DATOS DE LONGITUD FIJA--INFORMACIÓN GENERAL
campo de control de longitud fija 991001s1879 sp a |||| | spa d
040 ## - FUENTE DE CATALOGACIÓN
Centro catalogador/agencia de origen CAM
Lengua de catalogación spa
Centro/agencia transcriptor CAM
100 1# - ENTRADA PRINCIPAL--NOMBRE DE PERSONA
Nombre de persona Rebolledo, José Antonio.
9 (RLIN) 95708
245 14 - MENCIÓN DEL TÍTULO
Título Los héroes de la civilización
Resto del título : ensayo histórico-crítico /
Mención de responsabilidad, etc. por José A. Rebolledo.
260 ## - PUBLICACIÓN, DISTRIBUCIÓN, ETC.
Lugar de publicación, distribución, etc. Madrid :
Nombre del editor, distribuidor, etc. [s.n.],
Fecha de publicación, distribución, etc. 1879 (
Fabricante Imprenta de la viuda e hijos de J.A. García)
300 ## - DESCRIPCIÓN FÍSICA
Extensión 381 p., [5] h. de grab. ;
Dimensiones 22 cm.
599 ## - NOTA A LAS ILUSTRACIONES
NOTA A LAS ILUSTRACIONES Las h. de grab. son retratos de los biografiados.
600 14 - PUNTO DE ACCESO ADICIONAL DE MATERIA--NOMBRE DE PERSONA
Nombre de persona Gutenberg, Johann-
Subdivisión general Biografías.
9 (RLIN) 127652
600 14 - PUNTO DE ACCESO ADICIONAL DE MATERIA--NOMBRE DE PERSONA
Nombre de persona Colón, Cristóbal-
Subdivisión general Biografías.
9 (RLIN) 39871
600 14 - PUNTO DE ACCESO ADICIONAL DE MATERIA--NOMBRE DE PERSONA
Nombre de persona Galilei, Galileo,
Fechas asociadas al nombre 1564-1642
9 (RLIN) 53419
600 14 - PUNTO DE ACCESO ADICIONAL DE MATERIA--NOMBRE DE PERSONA
Nombre de persona Franklin, Benjamin,
Fechas asociadas al nombre 1706-1790
9 (RLIN) 52337
600 14 - PUNTO DE ACCESO ADICIONAL DE MATERIA--NOMBRE DE PERSONA
Nombre de persona Stephenson, George-
Subdivisión general Biografías.
9 (RLIN) 132900
650 #4 - PUNTO DE ACCESO ADICIONAL DE MATERIA--TÉRMINO DE MATERIA
Término de materia o nombre geográfico como elemento de entrada Personajes históricos-
Subdivisión de forma Biografías.
9 (RLIN) 136684
852 ## - LOCALIZACIÓN
Ubicación ES-MaACL
Número de control de estantería F-12529
Nota libre -- Enc. pasta española
Holdings
Estatus retirado Estado de pérdida Estado de daño No para préstamo Colección Biblioteca de origen Biblioteca actual Ubicación en estantería Fecha de adquisición Fuente de adquisición Total de préstamos Signatura topográfica completa Código de barras Visto por última vez Precio de reemplazo Tipo de ítem Koha
        Libros del s. XIX Biblioteca del Ateneo de Madrid Biblioteca del Ateneo de Madrid Sala Pecera Planta 2 17/01/2008     F-12529 1170902 23/02/2023 23/02/2023 Libro impreso antiguo